| 000 | 01014cam a22003375a 4500 | ||
|---|---|---|---|
| 001 | 407703 | ||
| 005 | 20150816144917.0 | ||
| 008 | 800320s2009 nyua frb 001 0 eng | ||
| 010 | _a 79906088 | ||
| 020 | _c9780071288385 | ||
| 020 | _c0071288384 | ||
| 040 |
_aDLC _beng _cDLC _dDLC _dEG-ScBUE |
||
| 043 | _aa-ii--- | ||
| 050 | 0 | 0 |
_aHF1589 _b.C37 |
| 082 | 0 | 0 |
_a658.848 _bCAT _222 |
| 100 | 1 |
_aCateora, Philip R. _99717 |
|
| 245 | 1 | 0 |
_aInternational Marketing / _cPhilip R. Cateora, Mary C. Gilly & John L. Graham |
| 250 | _a14th ed. | ||
| 260 |
_aNew York : _bMcGraw- Hill, _cc.2009. |
||
| 300 |
_axv, 711 p. ; _c25 cm. |
||
| 500 | _aIndex: p. 688-711. | ||
| 500 | _aGlossary : p. 680-687. | ||
| 590 | _aMohamed Hussein | ||
| 650 | 0 |
_aForeign trade promotion _xCase studies. _99718 _2BUEsh |
|
| 650 | 0 |
_aExport marketing _xCase studies. _99719 _2BUEsh |
|
| 651 | _2BUEsh | ||
| 653 |
_bBUSADM _cAugust2015 |
||
| 700 | 1 |
_aGilly, Mary C. _911847 |
|
| 700 | 1 |
_aGraham, John L. _911848 |
|
| 942 |
_2ddc _cBB |
||
| 999 |
_c10945 _d10945 |
||